[Event "CRO-chT3"]
[Site "Zagreb"]
[Date "2008.04.27"]
[Round "5"]
[White "Banusic, Zeljko"]
[Black "Ivanic, Slavko"]
[Result "1-0"]
[WhiteElo "2291"]
[BlackElo "2011"]
[PlyCount "57"]
[EventDate "2008.03.30"]
[EventType "team-tourn"]
[EventRounds "9"]
[EventCountry "CRO"]
[SourceTitle "EXT 2011"]
[Source "ChessBase"]
[SourceDate "2010.11.26"]
[SourceVersion "1"]
[SourceVersionDate "2010.11.26"]
[SourceQuality "1"]

1. d4 d5 2. Nf3 e6 3. c4 c6 4. e3 Bd6 5. Nc3 Nf6 6. Qc2 Nbd7 7. Bd3 0-0 8. 0-0 e5 9. cxd5 cxd5 10. Nb5 Bb8 11. dxe5 Nxe5 12. Nxe5 Bxe5 13. Bd2 a6 14. Nd4 Bd7 15. Nf3 Bd6 16. Bc3 h6 17. Qb3 Bc6 18. Nd4 Ng4 19. h3 Ne5 20. Be2 Qh4 21. Nf5 Qd8 22. f4 Nc4 23. Bxc4 dxc4 24. Qxc4 Qc7 25. Qd4 f6 26. Qxd6 Qf7 27. Ne7+ Kh8 28. Nxc6 bxc6 29. Qxc6 1-0